000 00322 a2200157 4500
001 192628
020 _a85-259-0385-X
040 _cMagnum
100 _aMálus
240 1 0 _aO menino rola bola
_lpor
245 1 0 _aO menino rola bola
300 _a12
362 0 _a1993
697 _aLITERATURA INFANTIL
942 _cBK
999 _c192628
_d192628